| 000 | 00659nam a2200205 i 4500 | ||
|---|---|---|---|
| 001 | 132196 | ||
| 003 | ES-MaACL | ||
| 005 | 20250815083018.0 | ||
| 007 | t| | ||
| 008 | 070214s1965 sp r ||||1| spa d | ||
| 100 | 1 |
_aRojo, Luis Ángel _999096 |
|
| 245 | 1 | 0 |
_aKeynes y el pensamiento macroeconómico actual / _cLuis Angel Rojo. |
| 260 |
_aMadrid : _bTecnos, _c1965. |
||
| 300 |
_a204 p. ; _c23 cm. |
||
| 490 | 1 |
_aBiblioteca tecnos de ciencias económicas ; _v1 |
|
| 650 | 0 | 7 |
_aMacroeconomía _2embne _914719 |
| 830 | 0 | 0 |
_aBiblioteca Tecnos de ciencias económicas _v1 _9182602 |
| 852 |
_aES-MaACL _jC-28580 _bR.57417 |
||
| 999 |
_c132196 _d132196 |
||